000 00347nam a2200133Ia 4500
005 20251222144848.0
008 251222s9999||||xx |||||||||||||| ||spa||
020 _a84-331-0832-8
082 _a371.92/B76/Ej.2
100 _aBotías Pelegrón, Francisco
245 0 _aSupuestos Prácticos en Educación Especial
264 _bPraxis
942 _cLIB
999 _c21496
_d21496